000
00250nam a2200097Ia 4500
001
1151611
005
20250827011051.0
008
250824s9999 xx 000 0 und d
245
0
_a
GÜNEŞTE BİR GECE
_c
CAHİT ZARİFOĞLU
260
_b
KETEBE YAYINLARI
999
_c
1151611
_d
1151611